Statistics for Oxymorons

Click here to take the quiz!

General Stats

  • This quiz has been taken 50,704 times
  • The average score is 13 of 20

Answer Stats

Hint Oxymoron % Correct
ZombiesLiving {Dead}
95%
Teen literature{Young} Adult
79%
Schwarzenegger movieTrue {Lies}
75%
50/50 chanceEven {Odds}
72%
Ultraviolet lamp{Black} Light
71%
Parting is such …{Sweet} Sorrow
67%
Boxing weight class, 168-175 lbsLight {Heavyweight}
66%
1-800 number, for example{Toll} Free
65%
Bengay competitorIcy{Hot}
65%
Album by OasisDefinitely {Maybe}
62%
Musical genre also called “adult contemporary”{Soft} Rock
62%
Things we know we don't knowKnown {Unknowns}
61%
Robert E. Lee fought in one{Civil} War
61%
How Jesus supposedly came to be{Virgin} Birth
61%
Where General Custer met his endLittle {Bighorn}
61%
Oversized prawn{Jumbo} Shrimp
58%
Charlie Brown sayingGood {Grief}
56%
Stereotypical Native American term for liquor{Fire} Water
55%
Heavy metal band{Quiet} Riot
49%
What piano is short forPiano{forte}
41%

Score Distribution

Percentile by Number Answered

Percent of People with Each Score

Your Score History

You have not taken this quiz